000 00449nam a2200181Ia 4500
005 20250127011323.0
008 240331s9999 xx 000 0 und d
020 _a9788121210406
082 _bKAL
_a914
245 0 _aWomen in India :
_bContemporary Concerns
260 _aNew Delhi
_bGyan Publishing House
_c2012
300 _a232 p .,
650 _aWomen
650 _aFeminism
650 _aGender
700 _aKalpagam,U.
_eedt
942 _cL
999 _c5682
_d5682